Environmental Studies (Record no. 1184)

MARC details
000 -LEADER
Fixed length control field 00474nam a2200181 4500
003 - CONTROL NUMBER IDENTIFIER
Control field SEACOMMC
005 - DATE AND TIME OF LATEST TRANSACTION
Control field 20260414120009.0
008 - FIXED-LENGTH DATA ELEMENTS--GENERAL INFORMATION
Fixed length control field 250408b |||||||| |||| 00| 0 eng d
020 ## - INTERNATIONAL STANDARD BOOK NUMBER / ISBN
International Standard Book Number 978-00-706-4813-5
Price Rs.225.00
040 ## - CATALOGING SOURCE
Original cataloging agency SEACOMMC
082 ## - DEWEY DECIMAL CLASSIFICATION NUMBER
Classification number 333.42
Book Number J 83
100 ## - MAIN ENTRY--PERSONAL NAME
Personal name Joseph, Benny
245 1# - TITLE STATEMENT
Title Environmental Studies
Statement of responsibility Benny Joseph
250 ## - EDITION STATEMENT
Edition statement 2nd ed.
260 ## - IMPRINT
Place of publication New Delhi
Name of publisher Tata McGraw Hill
Date of publication c2009
650 ## - SUBJECT ADDED ENTRY--TOPICAL TERM
Topical term Environmental Science
942 ## - ADDED ENTRY ELEMENTS (KOHA)
Koha item type Books
Holdings
Withdrawn status Lost status Source of classification Damaged status Not for loan Home library Current library Shelving location Date acquired Total Checkouts Call number Accession number Date last seen Price effective from Koha item type Copy number
    Dewey Decimal Classification     SEACOM MANAGEMENT COLLEGE SEACOM MANAGEMENT COLLEGE Reference 29/10/2010   333.42 J 83 M2914 08/04/2025 08/04/2025 Reference Books  
    Dewey Decimal Classification     SEACOM MANAGEMENT COLLEGE SEACOM MANAGEMENT COLLEGE   29/10/2010   333.42 J 83 M2915 08/04/2025 08/04/2025 Books 1
    Dewey Decimal Classification     SEACOM MANAGEMENT COLLEGE SEACOM MANAGEMENT COLLEGE   29/10/2010   333.42 J 83 M2916 08/04/2025 08/04/2025 Books 2
    Dewey Decimal Classification     SEACOM MANAGEMENT COLLEGE SEACOM MANAGEMENT COLLEGE   29/10/2010   333.42 J 83 M2917 08/04/2025 08/04/2025 Books 3
    Dewey Decimal Classification     SEACOM MANAGEMENT COLLEGE SEACOM MANAGEMENT COLLEGE   29/10/2010   333.42 J 83 M2918 08/04/2025 08/04/2025 Books 4
    Dewey Decimal Classification     SEACOM MANAGEMENT COLLEGE SEACOM MANAGEMENT COLLEGE   29/10/2010   333.42 J 83 M2919 08/04/2025 08/04/2025 Books 5
    Dewey Decimal Classification     SEACOM MANAGEMENT COLLEGE SEACOM MANAGEMENT COLLEGE   29/10/2010   333.42 J 83 M2920 08/04/2025 08/04/2025 Books 6
    Dewey Decimal Classification     SEACOM MANAGEMENT COLLEGE SEACOM MANAGEMENT COLLEGE   29/10/2010   333.42 J 83 M2921 08/04/2025 08/04/2025 Books 7
© Seacom Engineering College, All rights reserved.    Powered by Koha